header

C annotated standard (Record no. 98625)

MARC details
000 -LEADER
fixed length control field 01286nam a2200325 a 4500
082 04 - DEWEY DECIMAL CLASSIFICATION NUMBER
Classification number 005.13/3
100 1# - MAIN ENTRY--AUTHOR NAME
Personal name Jagger, Jon,
245 10 - TITLE STATEMENT
Title C annotated standard
260 ## - PUBLICATION, DISTRIBUTION, ETC. (IMPRINT)
Place of publication Amsterdam ;
-- Boston :
Name of publisher Elsevier/Morgan Kaufmann Publishers,
Year of publication c2007.
300 ## - PHYSICAL DESCRIPTION
Number of Pages xxxii, 825 p. :
Other physical details ill.
650 #0 - SUBJECT ADDED ENTRY--TOPICAL TERM
Topical Term C (Computer program language)
700 1# - ADDED ENTRY--PERSONAL NAME
Personal name Perry, Nigel.
Personal name Sestoft, Peter.
856 40 - ELECTRONIC LOCATION AND ACCESS
Uniform Resource Identifier http://site.ebrary.com/lib/rucke/Doc?id=10371831

No items available.

© 2026 Rongo University
Contact us: librarian | system librarian | Rongo university